00941nam a2200241 a 4500008004100000020001500041050001500056100001700071245006500088260003700153300002400190350000900214500006600223650004600289650001400335650003500349650003600384650003000420710003600450995008100486999001700567952011500584120416s2000 ||||||||||||||||| || u a0632055030 aSB 950 PES aAlford, D. V10aPest and disease management handbookcedited by D. V. Alford aOxford:bBlackwell Sciencec2000 aviii, 615 p. : ill. a0.00 aRev. ed. of: Pest and disease control handbook. 3rd ed. 1989. aPlant parasites - Control - Great Britain aPARASITES aPlant diseases - Great Britain aPlant parasites - Great Britain aPESTICIDES--GREAT BRITAIN aBritish Crop Protection Council D0.00FCBU-MAIN LIBRARY (Kitwe)H1I37.50M1UREFERENCEZReference Collection c53437d53437 00102lcc4070a001b001cReference Collectiond2022-11-30l0oSB 950 PESp46601r2022-11-30w2022-11-30y002